Statistics for Alphabet but a letter is missing

Click here to take the quiz!

General Stats

  • This quiz has been taken 127 times
  • The average score is 18 of 25

Answer Stats

HintAnswer% Correct
D
95%
E
95%
G
95%
A
94%
H
94%
B
92%
F
92%
C
90%
K
81%
L
81%
SKIPJ
79%
M
71%
N
71%
O
68%
P
68%
S
68%
R
65%
Q
63%
T
61%
U
60%
W
58%
V
56%
X
55%
Y
50%
Z
48%

Score Distribution

Percentile by Number Answered

Percent of People with Each Score

Your Score History

You have not taken this quiz